[Event "POL-chT U19 2nd League"]
[Site "Chelm Lubelski"]
[Date "2010.07.13"]
[Round "10"]
[White "Boldys, Piotr"]
[Black "Rosicki, Marcin"]
[Result "0-1"]
[WhiteElo "1584"]
[BlackElo "1548"]
[PlyCount "62"]
[EventDate "2010.07.06"]
[EventType "team-tourn"]
[EventRounds "11"]
[EventCountry "POL"]
[SourceTitle "EXT 2011"]
[Source "ChessBase"]
[SourceDate "2010.11.26"]
[SourceVersion "1"]
[SourceVersionDate "2010.11.26"]
[SourceQuality "1"]
[WhiteTeam "Rydultowy Ognisko U19"]
[BlackTeam "Jaworzno JKSz MCKiS U19 II"]
[WhiteTeamCountry "POL"]
[BlackTeamCountry "POL"]

1. e4 d5 2. exd5 Qxd5 3. Nc3 Qa5 4. d4 Nf6 5. Nf3 Bg4 6. h3 Bh5 7. g4 Bg6 8. Ne5 c6 9. Bg2 Nbd7 10. Nxg6 hxg6 11. Bd2 Qb6 12. d5 cxd5 13. Nxd5 Nxd5 14. Bxd5 e6 15. Bg2 Bc5 16. 0-0 Ne5 17. Bc3 Bd6 18. Qd2 Nxg4 19. Rfd1 0-0-0 20. Bd4 Bc5 21. Qc3 Rxd4 22. Rxd4 Nxf2 23. b4 e5 24. Rd5 Nxh3+ 25. Kf1 Qf6+ 26. Bf3 Ng5 27. Rxc5+ Kb8 28. Kg2 Nxf3 29. Qxf3 Rh2+ 30. Kxh2 Qxf3 31. Rh1 b6 0-1

[Event "POL-chT U19 2nd League"]
[Site "Chelm Lubelski"]
[Date "2010.07.12"]
[Round "8"]
[White "Somyk, Marcin"]
[Black "Boldys, Piotr"]
[Result "1/2-1/2"]
[WhiteElo "1869"]
[BlackElo "1584"]
[PlyCount "37"]
[EventDate "2010.07.06"]
[EventType "team-tourn"]
[EventRounds "11"]
[EventCountry "POL"]
[SourceTitle "EXT 2011"]
[Source "ChessBase"]
[SourceDate "2010.11.26"]
[SourceVersion "1"]
[SourceVersionDate "2010.11.26"]
[SourceQuality "1"]
[WhiteTeam "Wroclaw MUKS MDK Fabryczna U19"]
[BlackTeam "Rydultowy Ognisko U19"]
[WhiteTeamCountry "POL"]
[BlackTeamCountry "POL"]

1. e4 d5 2. exd5 Nf6 3. Bb5+ Bd7 4. Bc4 c6 5. dxc6 Nxc6 6. Nf3 Bg4 7. Be2 e5 8. d3 Qb6 9. Nc3 Bc5 10. 0-0 0-0 11. Bg5 Qxb2 12. Na4 Qa3 13. c4 Be7 14. c5 Rad8 15. Bc1 Qb4 16. Bd2 Qa3 17. Bc1 Qb4 18. Bd2 Qa3 19. Bc1 1/2-1/2